| 000 | 00384nam a22001577a 4500 | ||
|---|---|---|---|
| 020 | _a0-00-674721-3 | ||
| 082 |
_a823 _bNAB/E |
||
| 100 | _aNABB, MAS | ||
| 245 |
_aTHE ENCHANTED HORSE _bSHORT STORY |
||
| 246 |
_aTHE ENCHANTED HORSE _bSHORT STORY |
||
| 260 |
_aBRITIAN _bCOLLINS CHILDREN'S BOOKS _c1992 |
||
| 300 | _a95 | ||
| 520 | _aSHORT STORY | ||
| 650 | _aSHORT STORY | ||
| 942 | _cBK | ||
| 999 |
_c2135 _d2135 |
||